Footballers by Career - AC Milan - Statistics

General Stats
  • This quiz has been taken 238 times
  • The average score is 8 of 10
Answer Stats
Player % Correct
Zlatan Ibrahimović
100%
Andriy Shevchenko
97%
Thiago Silva
94%
Andrea Pirlo
93%
Kaká
89%
Cafu
75%
Robinho
75%
Ante Rebić
70%
Marcel Desailly
69%
Gennaro Gattuso
67%
No matching quizzes found
Score Distribution
Percent of People with Each Score
Percentile by Number Answered
Your Score History
You have not taken this quiz